000 00803nam a2200193 a 4500
003 0
005 20250411112646.0
008 060802s19uu xx 00 eng d
050 _aPHS BX 1751
_b.S55 2006
100 _aShinohara, Takeshi.
245 _aEffects of the Catholic doctrine on the moral values of upper school Catholic students of Southville International School and Colleges /
_cTakeshi Shinohara.
260 _aLas PiƱas City, Philippines :
_bSouthville International School and Colleges,
_c2006.
300 _a22 pages :
_billustrations ;
_c28 cm.
504 _aIncludes bibliographical references.
650 _aCatholic Church
_xDoctrines
_vInfluence.
650 _aMoral education
_xReligious aspects
_vCatholic Church.
650 _aMoral development
_xAdolescents.
942 _2lcc
_cPASS
999 _c97664
_d97664